000
00333nam a22001457a 4500
999
_c
54956
_d
54956
008
191030b ||||| |||| 00| 0 eng d
020
_a
9789951550185
041
_a
eng
080
_a
573
082
_a
573
100
_a
11
101
_a
BIO
245
_a
Biologjia molekulare me gjenetikë
_c
Kamberi.N, Rizani.H
942
_2
udc
_c
BK